| 000 | 00412nam a2200169Ia 4500 | ||
|---|---|---|---|
| 005 | 20250423101314.0 | ||
| 008 | 250422s9999 xx 000 0 und d | ||
| 020 | _a9781935295136 | ||
| 050 | _aBD 444 .T44/ | ||
| 245 | 4 | _aThe last 72 | |
| 260 | _aNew York | ||
| 260 | _bBlue Dome | ||
| 260 | _c2012 | ||
| 300 | _a120 p | ||
| 650 | _aDeath _ Psychological aspects Ölüm _ Psikolojik açıdan | ||
| 942 | _cBK | ||
| 999 |
_c35915 _d35915 |
||